Normal view
MARC view
- Munjiza, Ante
Entry Personal Name
001 - CONTROL NUMBER
- control field: 55706
003 - CONTROL NUMBER IDENTIFIER
- control field: NUST
005 - DATE AND TIME OF LATEST TRANSACTION
- control field: 20210628201533.0
008 - FIXED-LENGTH DATA ELEMENTS
- fixed length control field: 210628|| aca||aabn | a|a d
040 ## - CATALOGING SOURCE
- Original cataloging agency: NUST
- Transcribing agency: NUST
100 ## - HEADING--PERSONAL NAME
- Personal name: Munjiza, Ante
670 ## - SOURCE DATA FOUND
- Source citation: Work cat.: (NUST): Munjiza, Ante., The combined finite-discrete element method /, c2004.
